000 01018namaa2200217 i 4500
001 174373
003 ES-MaACL
005 20230906215516.0
008 100412s1914 sp | |||| ||spa d
080 _a582.28(234.1 Guadarrama)
100 1 _aGonzález Fragoso, Romualdo.
_958637
245 1 0 _aContribución a la flora micológica del Guadarrama.
_pDeuteromicetos /
_cpor Romualdo González Fragoso.
260 _aMadrid :
_bJunta para Ampliación de Estudios e Investigaciones Científicas :
_bInstituto Nacional de Ciencias Físico-Naturales,
_c1914.
300 _a42 p. :
_bil. ;
_c23 cm.
490 1 _aTrabajos del Museo Nacional de Ciencias Naturales. Serie botánica ;
_v5
650 4 _aHongos-
_zGuadarrama (España, Sierra)
_9142479
710 2 _aJunta para la Ampliación de Estudios e Investigaciones Científicas.
_95413
830 1 _aTrabajos del Museo Nacional de Ciencias Naturales. Serie botánica ;
_v5
_9189324
852 4 _aES-MaACL
_jB-13136(5)
_z- Enc. con otras obras
999 _c174373
_d174373